000 00329nam a2200133Ia 4500
008 230917s9999||||xx |||||||||||||| ||und||
040 _e96685
_aMAIN
041 _aEnglish
082 _a380 S18W
100 _aShankar, Gori
245 0 _aWorking capital management in Jindal Strips ltd, Hissar
300 _a114 p.
942 _cTH
999 _c88199
_d88199